000 00615cam a2200181 4500500
005 20260111080214.0
041 _afre
042 _adc
100 1 0 _aHastings-Marchadier, Antoinette
_eauthor
245 0 0 _aDotations et autonomie financière locale
260 _c2017.
500 _a32
690 _aautonomie financière
690 _adotations-péréquation
690 _afinances locales
786 0 _nGestion & Finances Publiques | 2 | 2 | 2017-01-30 | p. 31-43 | 1969-1009
856 4 1 _uhttps://droit.cairn.info/revue-gestion-et-finances-publiques-2017-2-page-31?lang=fr&redirect-ssocas=7080
999 _c1616026
_d1616026